000 00756nam a2200217Ii 4500
003 JO-AjNU
008 230605s9999||||xx |||||||||||||| ||und||
017 _a2005/5850
020 _a977-337-193-X
040 _aJO-AjNU
_bara
_erda
_cJO-AjNU
041 _aara
050 1 4 _aG155 2010
100 3 _aاعداد خبراء مركز الخبرات المهنية للإدارة بميك؛ الاستشارة العلمية توفيق، عبد الرحمن,
_eauthor
_932281
245 0 0 _aالتسويق الفندقي=Hotel marketing
264 3 1 _aد.م: د.ن، 2010
300 _a57ص
336 _atext
_btxt
_2rdacontent
337 _aunmediated
_bn
_2rdamedia
338 _avolume
_bnc
_2rdacarrier
650 4 _aالتسويق القندقي
_932282
999 _aA13013
_c16581
_d16581